Nuevas significaciones en el proceso de democratización latinoamericano = New meanings in the Latin-American democratization process /

El objetivo de este trabajo es reflexionar sobre las nuevas prácticas y discursos sobre la conformación de diversas formas de ciudadanía como expresión de procesos alternativos de democratización, siendo estas nuevas significaciones el punto de partida de una concepción que apunta a una alianza entr...

全面介紹

Guardado en:
書目詳細資料
主要作者: Leal González, Nila
格式: Texto
主題:
標簽: 添加標簽
沒有標簽, 成為第一個標記此記錄!

MARC

LEADER 00000 a a2200000 04500
001 42434
003
040
100 |a Leal González, Nila  
245 |a Nuevas significaciones en el proceso de democratización latinoamericano =   |b New meanings in the Latin-American democratization process /  |c Nila Leal González  
500 |a nlealg@gmail.com  
520 |a El objetivo de este trabajo es reflexionar sobre las nuevas prácticas y discursos sobre la conformación de diversas formas de ciudadanía como expresión de procesos alternativos de democratización, siendo estas nuevas significaciones el punto de partida de una concepción que apunta a una alianza entre un Estado capaz y con sensibilidad social y una sociedad civil movilizada en la región latinoamericana.  
590 |a SJB/MAYO2012  
650 |a CIUDADANIA  
650 |a PARTICIPACION SOCIAL  
650 |a PARTICIPACION POLITICA  
650 |a DISCURSOS POLITICOS  
650 |a SUBJETIVIDAD  
650 |a DEMOCRACIA  
650 |a AMERICA LATINA  
773 |g volumen26, número45 (2010), páginas 13-41  
999 |c 25822  |d 25822